Foreign institutional investment and India capital market : A casualty analysis (Record no. 105219)

000 -LEADER
fixed length control field 01468pab a2200181 454500
008 - FIXED-LENGTH DATA ELEMENTS--GENERAL INFORMATION
fixed length control field 180718b2014 xxu||||| |||| 00| 0 eng d
100 ## - MAIN ENTRY--PERSONAL NAME
Personal name Sharma, Nishi
245 ## - TITLE STATEMENT
Title Foreign institutional investment and India capital market : A casualty analysis
260 ## - PUBLICATION, DISTRIBUTION, ETC.
Date of publication, distribution, etc. 2014
300 ## - PHYSICAL DESCRIPTION
Extent p.276-286.
362 ## - DATES OF PUBLICATION AND/OR SEQUENTIAL DESIGNATION
Dates of publication and/or sequential designation Apr-Jun
520 ## - SUMMARY, ETC.
Summary, etc. During the early phases of post-Independence, Government of India initiated different steps to ensure self-reliance of the economy through promoting import substitution. It stressed upon financing its current account deficit through international debts and other official assistance. But in 1990, policy makers realised the need to review their decisions particularly for circumscribing yoke international debts. To reanimate the fatally poised system Indian economy unclogged the route of foreign investment. Approval of foreign investment in the form of direct as well as institutional investment revamped entire financial system of India. However, there is a usual debate regarding the cause and effect relationship between foreign investment particularly institutional investments and performance of capital market, i.e. whether foreign institutional investments are allured by good stock return or the same leads to better performance of stock market. - Reproduced.
650 ## - SUBJECT ADDED ENTRY--TOPICAL TERM
Topical term or geographic name entry element Financial markets - India
650 ## - SUBJECT ADDED ENTRY--TOPICAL TERM
Topical term or geographic name entry element Foreign investment
773 ## - HOST ITEM ENTRY
Main entry heading Indian Journal of Public Administration
908 ## - PUT COMMAND PARAMETER (RLIN)
Put command parameter N
909 ## -
-- 105224
Holdings
Withdrawn status Lost status Damaged status Not for loan Permanent Location Current Location Date acquired Serial Enumeration / chronology Barcode Date last seen Price effective from Koha item type
        Indian Institute of Public Administration Indian Institute of Public Administration 2018-07-19 Volume no: 60, Issue no: 2 AR105684 2018-07-19 2018-07-19 Articles

Powered by Koha